Hollywood's 100 Favorite Films - Statistics

General Stats
  • This quiz has been taken 413 times
    353 since last reset
  • The average score is 25 of 100
Answer Stats
Hint Answer % Correct
#1 1972 The Godfather
81%
#45 1997 Titanic
71%
#15 1939 Gone With The Wind
65%
#6 1942 Casablanca
63%
#11 1977 Star Wars
63%
#7 1974 The Godfather: Part II
61%
#14 1994 Forrest Gump
56%
#4 1994 The Shawshank Redemption
50%
#24 1975 Jaws
49%
#2 1939 The Wizard Of Oz
49%
#10 1993 Schindler's List
48%
#41 1960 Psycho
47%
#5 1994 Pulp Fiction
47%
#3 1941 Citizen Kane
46%
#82 2001 The Lord Of The Rings: The Fellowship Of The Ring
45%
#19 1990 Goodfellas
42%
#39 1980 The Shining
42%
#22 1991 The Silence Of The Lambs
41%
#67 2009 Avatar
39%
#55 1976 Taxi Driver
38%
#17 1979 Apocalypse Now
37%
#57 2008 The Dark Knight
37%
#65 1980 Raging Bull
36%
#30 1975 One Flew Over The Cuckoo's Nest
35%
#70 1958 Vertigo
35%
#50 1993 Jurassic Park
34%
#46 1998 Saving Private Ryan
33%
#13 1981 Raiders Of The Lost Ark
32%
#49 1954 Rear Window
32%
#42 1979 Alien
31%
#84 2010 Inception
31%
#23 1962 Lawrence Of Arabia
31%
#25 1965 The Sound Of Music
31%
#20 1946 It's A Wonderful Life
30%
#9 1968 2001: A Space Odyssey
29%
#40 1999 Fight Club
29%
#69 2000 Gladiator
29%
#91 1976 Rocky
29%
#32 1980 The Empire Strikes Back
29%
#28 1967 The Graduate
29%
#66 1994 The Lion King
29%
#12 1985 Back To The Future
28%
#47 1959 Some Like It Hot
28%
#43 1995 Toy Story
28%
#35 1971 A Clockwork Orange
27%
#78 1957 12 Angry Men
26%
#62 1959 North By Northwest
25%
#52 1950 All About Eve
24%
#34 1999 American Beauty
24%
#18 1977 Annie Hall
24%
#85 1995 Seven
24%
#80 1954 On The Waterfront
23%
#44 1999 The Matrix
22%
#29 1982 Blade Runner
21%
#61 1961 West Side Story
21%
#94 1978 The Deer Hunter
20%
#37 1964 Dr. Strangelove Or: How I Learned To Stop Worrying And Love The Bomb
19%
#90 2000 Memento
19%
#21 1974 Chinatown
18%
#64 1964 Mary Poppins
18%
#89 1995 Braveheart
17%
#54 1969 Butch Cassidy And The Sundance Kid
17%
#98 1992 Reservoir Dogs
17%
#33 1996 Fargo
16%
#26 1952 Singin' In The Rain
16%
#48 1995 The Usual Suspects
15%
#16 1962 To Kill A Mockingbird
15%
#83 1988 Die Hard
14%
#75 1957 The Bridge On The River Kwai
14%
#87 2003 The Lord Of The Rings: The Return Of The King
14%
#81 1984 Amadeus
13%
#92 2009 Up
13%
#8 1982 E.T. The Extra Terrestrial
12%
#53 1997 Good Will Hunting
12%
#27 1985 The Breakfast Club
12%
#86 1991 Beauty And The Beast
11%
#93 1977 Close Encounters Of The Third Kind
11%
#99 1967 Bonnie And Clyde
10%
#79 2008 Wall-E
10%
#56 2004 Eternal Sunshine Of The Spotless Mind
9%
#77 1984 Ghostbusters
9%
#51 1998 The Big Lebowski
8%
#60 2001 Amelie
7%
#58 1950 Sunset Blvd.
7%
#73 1976 All The President's Men
6%
#76 2005 Brokeback Mountain
6%
#100 1954 The Seven Samurai
6%
#36 1986 Ferris Bueller's Day Off
5%
#31 1987 The Princess Bride
5%
#38 1989 When Harry Met Sally
5%
#97 1980 Airplane!
4%
#59 1991 Thelma & Louise
4%
#74 1974 Blazing Saddles
3%
#95 1965 Doctor Zhivago
3%
#63 1993 Groundhog Day
3%
#96 2006 Pan's Labyrinth
2%
#71 2000 Almost Famous
1%
#68 1975 Monty Python And The Holy Grail
1%
#72 1974 Young Frankenstein
1%
#88 2008 Slumdog Milionaire
0%
No matching quizzes found
Score Distribution
Percent of People with Each Score
Percentile by Number Answered
Your Score History
You have not taken this quiz since the last reset